ბათუმის შოთა რუსთაველის სახელმწიფო უნივერსიტეტის ბიბლიოთეკა

Медиа - тексты в культурно - семиотическом пространстве и перспективная языковая функция / (ბიბ.ჩანაწერი № 52161)

000 -ლიდერი
ფიქსირებული სიგრძის საკონტროლო ველი 01335nam a2200265Ia 4500
001 - საკონტროლო ნომერი
საკონტროლო ველი 19168
003 - საკონტროლო ნომრის იდენტიფიკატორი
საკონტროლო ველი GE_BSU
005 - ბოლო ოპერაციის თარიღი და დრო
საკონტროლო ველი 20210519140206.0
008 - ფიქსირებული სიგრძის მონაცემთა ელემენტები - ზოგადი ინფორმაცია
ფიქსირებული სიგრძის საკონტროლო ველი 181216s2008||||ge |||||||||||||| ||geo||
040 ## - კატალოგიზაციის წყარო
Transcribing agency GE_BSU
041 ## - ენის კოდი
Language code of text/sound track or separate title geo
080 ## - უნივერსალური ათობითი კლასიფიკაციის ინდექსი
Universal Decimal Classification number 81 Т-13
100 ## - მთავარი ჩანაწერი - პიროვნების სახელი
Personal name Таварткиладзе, С.
9 (RLIN) 10444
245 ## - ცნობა სათაურის შესახებ
Title Медиа - тексты в культурно - семиотическом пространстве и перспективная языковая функция /
Statement of responsibility, etc С. Таварткиладзе; Научн. руков. Р. Комахидзе; Батумский гос. ун-т им. Шота Руставели.
264 ## - წარმოების, გამოცემის, დისტრიბუციის და სხვა ცნობები
გამოცემის, წარმოების, დისტრიბუციის... ადგილი Батуми :
გამოცემის, წარმოების, დისტრიბუციის... სახელწოდება Батумский гос. ун-т им. Ш. Руставели,
გამოცემის, წარმოების, დისტრიბუციის... თარიღი 2008.
300 ## - ფიზიკური აღწერა
Extent 116 стр.
Other physical details 30 см.
653 ## - INDEX TERM--UNCONTROLLED
Uncontrolled term Медиа-тексты в культурно-семиотическом пространстве и перспективная языковая функция
653 ## - INDEX TERM--UNCONTROLLED
Uncontrolled term Языкознание
653 ## - INDEX TERM--UNCONTROLLED
Uncontrolled term დისერტაცია
653 ## - INDEX TERM--UNCONTROLLED
Uncontrolled term ენათმეცნიერება
653 ## - INDEX TERM--UNCONTROLLED
Uncontrolled term Диссертация
700 ## - ADDED ENTRY--PERSONAL NAME
Personal name Комахидзе, Р.
Relator term Научн. руководитель
9 (RLIN) 10445
710 ## - ADDED ENTRY--CORPORATE NAME
Corporate name or jurisdiction name as entry element Батумский гос. ун-т им. Шота Руставели
9 (RLIN) 10446
942 ## - ADDED ENTRY ELEMENTS (KOHA)
Koha item type წიგნი
Source of classification or shelving scheme
ეგზემპლარები
ჩამოწერის სტატუსი დაკარგული ეგზემპლარის სტატუსი კლასიფიკაციის წყარო ან თაროზე გაწყობის სქემა დაზიანების სტატუსი არ გაიცემა მუდმივი მდებარეობა (დაცვის ადგილი) ამჟამინდელი ადგილსამყოფელი თაროზე განთავსების ადგილი შეძენის თარიღი სრული შენახვის შიფრი შტრიხკოდი ბოლო ოპერაციის თარიღი ეგზემპლარის მიმდევრობითი ნომერი (კეტერი?) ფასის ძალაში შესვლის თარიღი ეგზემპლარის სახეობა საჯარო შენიშვნა
          ბათუმის შოთა რუსთაველის სახელმწიფო უნივერსიტეტის მთავარი ბიბლიოთეკა ბათუმის შოთა რუსთაველის სახელმწიფო უნივერსიტეტის მთავარი ბიბლიოთეკა წიგნსაცავი 2018-12-17 81 Т-13 29 დისერტ. 2018-12-17 29 2018-12-17 დისერტაცია